مكتبة جامعة عجلون الوطنية

فهرس بحث المكتبة

Normal view MARC view
  • محاسبة المصارف الاسلامية - الاردن

Entry Topical Term

Number of records used in: 1

001 - CONTROL NUMBER

  • control field: 56996

003 - CONTROL NUMBER IDENTIFIER

  • control field: JO-AjAnu

005 - DATE AND TIME OF LATEST TRANSACTION

  • control field: 20230606083333.0

008 - FIXED-LENGTH DATA ELEMENTS

  • fixed length control field: 230606|| aca||aabn | a|a d

040 ## - CATALOGING SOURCE

  • Original cataloging agency: JO-AjAnu
  • Transcribing agency: JO-AjAnu

150 ## - HEADING--TOPICAL TERM

  • Topical term or geographic name entry element: محاسبة المصارف الاسلامية - الاردن

670 ## - SOURCE DATA FOUND

  • Source citation: Work cat.: (JO-AjAnu)29083: اعداد عودة، عبد الحفيظ نمر؛ اشراف اسامة عبد المجيد العاني, author 56995, دور ضوابط الشريعة الاسلامية في الحد من ممارسات المحاسبة الابداعية في المصارف الاسلامية الاردنية ( دراسة ميدانية) = The Role of Sharia Determinets in Reducing of Creative Accounting Practices in Jordanian Islamic banks ( A Field Study)